00766nam a2200181 a 450000100100000000500170001000800410002704000250006808200160009324501500010926000730025930000280033250400370036070000470039704900090044495201140045399900170056700001589920200929164208.0100222s2000 dr 001 0 spa d aDO-SdBNPbspacBNPHU axxxxbC735h00a¿Cómo se hace...? :bselección y compilación manual de expresión oral y escrita texto de consulta /cJuan Luciano Amandís Rodríguez. aBonao, República Dominicana :bHortensias,c2000.fServicios Marka a160 p. :bil. ;c22 cm. aIncluye bibliografía (p. 160 )1 aAmandís Rodríguez, Juan Luciano935777 aBNPD 0010718PDaPDbPDcCTd2010-02-22iLF1l0oxxxx C735hp15899-10r2020-06-25w2020-06-25yLFPDZNo se presta c15441d15441